<?xml version="1.0" encoding="UTF-8"?>
<record
    xmlns:xsi="http://www.w3.org/2001/XMLSchema-instance"
    xsi:schemaLocation="http://www.loc.gov/MARC21/slim http://www.loc.gov/standards/marcxml/schema/MARC21slim.xsd"
    xmlns="http://www.loc.gov/MARC21/slim">

  <leader>00892nam a2200217Ia 4500</leader>
  <controlfield tag="003">IN-BaIIA</controlfield>
  <controlfield tag="008">211028s9999    xx            000 0 eng d</controlfield>
  <datafield tag="040" ind1=" " ind2=" ">
    <subfield code="c">IIA Library</subfield>
  </datafield>
  <datafield tag="080" ind1=" " ind2=" ">
    <subfield code="a">523.745</subfield>
    <subfield code="b">JAG</subfield>
  </datafield>
  <datafield tag="111" ind1=" " ind2=" ">
    <subfield code="a">plenary meetings of the committee on space research</subfield>
    <subfield code="n">11th</subfield>
    <subfield code="c">Japan</subfield>
    <subfield code="d">1968 May 9-11</subfield>
    <subfield code="9">6061</subfield>
  </datafield>
  <datafield tag="245" ind1=" " ind2="0">
    <subfield code="a">Solar flares and space research</subfield>
    <subfield code="b">proceedings of the symposium held on the occassion of the eleventh plenary meetings of the committee on space research Tokyo, Japan, 9-11 May 1968</subfield>
    <subfield code="c">edited by Dec Jager Svestaka Z.                                                 </subfield>
  </datafield>
  <datafield tag="260" ind1=" " ind2=" ">
    <subfield code="a">Amsterdam</subfield>
    <subfield code="b">North-Holland</subfield>
    <subfield code="c">1969</subfield>
  </datafield>
  <datafield tag="300" ind1=" " ind2=" ">
    <subfield code="a">ix, 418p.</subfield>
  </datafield>
  <datafield tag="650" ind1=" " ind2=" ">
    <subfield code="a">Astronomy and Astrophysics Thesaurus</subfield>
  </datafield>
  <datafield tag="650" ind1=" " ind2=" ">
    <subfield code="a">Solar Flares</subfield>
    <subfield code="9">4046</subfield>
  </datafield>
  <datafield tag="650" ind1=" " ind2=" ">
    <subfield code="a">Sun</subfield>
    <subfield code="9">1200</subfield>
  </datafield>
  <datafield tag="700" ind1=" " ind2=" ">
    <subfield code="a">Jager, Dec, ed.</subfield>
    <subfield code="9">6062</subfield>
  </datafield>
  <datafield tag="700" ind1=" " ind2=" ">
    <subfield code="a">Svestaka, Z., ed.</subfield>
    <subfield code="9">6063</subfield>
  </datafield>
  <datafield tag="710" ind1=" " ind2=" ">
    <subfield code="a">Committee on Space Research</subfield>
  </datafield>
  <datafield tag="942" ind1=" " ind2=" ">
    <subfield code="c">BK</subfield>
  </datafield>
  <datafield tag="999" ind1=" " ind2=" ">
    <subfield code="c">3422</subfield>
    <subfield code="d">3422</subfield>
  </datafield>
  <datafield tag="952" ind1=" " ind2=" ">
    <subfield code="0">0</subfield>
    <subfield code="1">0</subfield>
    <subfield code="4">0</subfield>
    <subfield code="7">0</subfield>
    <subfield code="a">BAN</subfield>
    <subfield code="b">KOD</subfield>
    <subfield code="c">GEN</subfield>
    <subfield code="d">1970-03-31</subfield>
    <subfield code="g">151.20</subfield>
    <subfield code="l">0</subfield>
    <subfield code="o">523.745/JAG</subfield>
    <subfield code="p">3805</subfield>
    <subfield code="r">2021-11-05</subfield>
    <subfield code="v">151.20</subfield>
    <subfield code="w">1970-03-31</subfield>
    <subfield code="y">BK</subfield>
    <subfield code="G">Rs. 151.20</subfield>
  </datafield>
</record>
